Statistics for Celebs Who Were Arrested #1

Click here to take the quiz!

General Stats

  • This quiz has been taken 17 times
  • The average score is 1 of 5

Answer Stats

Crime(s) Charged ForCrime(s) Arrested ForAnswer% Correct
3 Counts of Aggravated Indecent AssaultRapeBill Cosby
69%
Indecent ExposureIndecent ExposurePaul Reubens
44%
Multiple DUI's, Misdemeanor drunk-drivingNoneMel Gibson
19%
Cocaine possession, Cannabis possession, Drug paraphernalia possession, Marijuana possession, Misdemeanor Battery, BatteryDrug possession, Sexual battery, Indecent exposure, Sexual abuse, Misdemeanor sexual batteryAndy Dick
6%
Misdimeanor for possessing drugsNoneWillie Nelson
0%

Score Distribution

Percentile by Number Answered

Percent of People with Each Score

Your Score History

You have not taken this quiz